| 000 | 00639nam a22001817a 4500 | ||
|---|---|---|---|
| 005 | 20170425142705.0 | ||
| 008 | 170425b mx ||||| |||| 00| 0 spa d | ||
| 020 | _a9789685087667 | ||
| 050 | 0 | 4 |
_aD16.2 _bA75 2008 |
| 100 | 1 | _aArias y Simarro, Concepción. | |
| 245 |
_a¿Como enseñar la historia? : _btécnicas de apoyo para los profesores / _cConcepción Arias y Simarro |
||
| 250 | _a1a ed. | ||
| 260 |
_aMéxico : _bInstituto Tecnológico y de Estudios Superiores de Occidente, _c2008. |
||
| 300 |
_a135 p. ; _c24 cm. |
||
| 504 | _aIncluye bibliografía | ||
| 650 | 7 |
_2LEMB _aHistoria _xEstudio y enseñanza |
|
| 942 |
_2lcc _cLIB |
||
| 999 |
_c132531 _d132531 |
||